000 00446nam a2200169Ia 4500
008 090711s9999 xx 000 0 und d
082 _b63462
100 _aमेहता शशिकला
245 _aशो पिस
260 _c1989
300 _a155
600 _aमेहता शशिकला
630 _aशो पिस
700 _aमेहता शशिकला
730 _aशो पिस
942 _cBOOK
999 _c297435
_d297435